Tilastot visalle Pohjois-Karjalan maakunnan kuntien vaakunat

Klikkaa tästä pelataksesi tätä visaa!

Yleistilastot

  • Tätä visaa on pelattu 17 kertaa
  • Keskiarvotulos 16 / 23

Vastaustilastot

Vastaus% Oikein
Lieksa
93%
Ilomantsi
86%
Joensuu
86%
Kitee
86%
Juuka
79%
Liperi
79%
Nurmes
79%
Outokumpu
79%
Tohmajärvi (1953–2004)
79%
Tohmajärvi (2005–)
79%
Heinävesi
71%
Kontiolahti
71%
Polvijärvi
71%
Valtimo
71%
Rääkkylä
64%
Eno
57%
Kiihtelysvaara
57%
Tuupovaara
57%
Kesälahti
50%
Pyhäselkä
50%
Värtsilä (1958–2004)
43%
Nurmeksen maalaiskunta
36%
Pielisjärvi
36%

Tulosjakauma

Persentiili vastausten määrän mukaan

Jokaisen tuloksen saaneiden osuus

Tuloshistoriasi

Et ole pelannut tätä visaa